00265 a2200121 4500001000700000020001800007040001100025100002500036240003500061245003000096300000800126362000900134193065 a85-359-0039-X cMagnum aSteingarten, Jeffrey10aO homem que comeu de tudolpor10aO homem que comeu de tudo a4950 a2000